000 02203nam a22003497a 4500
001 101816
003 KnowledgeUnlatched
005 20210303105043.0
006 m o d
007 cr u||||||||||
008 210129p20102019mau o u00| u eng d
037 _5BiblioBoard
245 0 0 _aHoly Russia, Sacred Israel
_bJewish-Christian Encounters in Russian Religious Thought /
_cDominic Rubin.
020 _a9781618116901
029 1 _ahttps://library.biblioboard.com/ext/api/media/e1f32a1a-5165-4fbb-8dbe-92052e2c5047/assets/thumbnail.jpg
040 _aScCtBLL
_cScCtBLL
100 1 _aRubin, Dominic
_eauthor.
264 1 _bAcademic Studies Press,
300 _a1 online resource (561 p.)
506 0 _aAccess copy available to the general public.
_fUnrestricted
_2star
520 _a"Holy Russia, Sacred Israel examines how Russian religious thinkers, both Jewish and Christian, conceived of Judaism, Jewry and the 'Old Testament' philosophically, theologically, and personally at a time when the Messianic element in Russian consciousness was being stimulated by events ranging from the pogroms of the 1880s through two Revolutions and World Wars to exile in Western Europe. An attempt is made to locate the boundaries between the Jewish and Christian, Russian and Western, Gnostic-pagan and Orthodox elements in Russian thought in this period. The author reflects personally on how the heritage of these thinkers, little analyzed or translated in the West, can help Orthodox (and other) Christians respond to Judaism (including "Messianic Judaism"), Zionism, and Christian antisemitism today."
588 0 _aDescription based on print version record.
590 _aKU Open Services
650 7 _aReligion
_2bisacsh
650 0 _aReligion
655 0 _aElectronic books.
758 _iIs found in:
_aKnowledge Unlatched
_1https://openresearchlibrary.org/module/2774bc74-146a-484f-a7ba-ab1d6a09bbfb
856 4 0 _uhttps://openresearchlibrary.org/content/e1f32a1a-5165-4fbb-8dbe-92052e2c5047
_zView this content on Open Research Library.
_70
999 _c33421
_d33421